00776nam a2200205 a 450000100100000000500170001000800410002702000150006804000250008308200150010810000320012324500540015526000390020930000210024849000280026983000350029795201130033295201080044599900170055300004255320201002040230.0140127s2006 sp 000 0 spa d a8466368302 aDO-SdBNPbspacBNPHU axxxbM753R1 aReig, Rafael,d1963-96979910aAutobiografía de Marilyn Monroe /cRafael Reig. aMadrid :bPunto de Lectura,c2006. a152 p. ;c22 cm.1 aLengua de trapov118/ 1 0aLengua de trapon118/ 1969800 001050718MOaGRbGRcCTd2014-01-27iLF1l0oxxx M753Rp42553-10r2020-06-25w2020-06-25y1ZNo se presta 001050718MOaGRbGRcHDd2014-01-27iLF1l0ov. 1p42554-10r2020-06-25w2020-06-25y1ZNo se presta c42042d42042